Portraits d'écrivains français du XIXème siècle - Statistiques

Statistiques générales
  • Ce quiz a été pris 676 fois
  • Le résultat moyen est 10 sur 20
Statistiques - réponses
Par images Réponse % Correct
Victor Hugo
97%
Honoré de Balzac
88%
Charles Baudelaire
85%
George Sand
85%
Emile Zola
76%
Gustave Flaubert
74%
Alexandre Dumas
70%
René de Chateaubriand
65%
Stendhal
62%
Alphonse de Lamartine
53%
Alfred de Musset
50%
Jules Verne
45%
Paul Verlaine
44%
Gérard de Nerval
34%
Germaine de Stael
32%
Alphonse Daudet
27%
Théophile Gautier
21%
Jules Vallès
11%
Juliette Récamier
9%
Marceline Desbordes-Valmore
4%
Aucun quiz correspondant
Distribution des résultats
% des personnes avec chaque résultat
Percentile par nombre de réponses
Votre historique - résultats
Vous n’avez pas pris ce quiz